00522nam a2200181Ia 4500003000900000008004100009040001300050040001300063041000800076100001600084245013100100250001800231260001700249260000900266300001000275490004700285490000800332IT-RoPAU120407s9999 xx 000 0 und d aIT-RoPAU cIT-RoPAU aita aItalo Svevo aSenilità. La novella del buon vecchio e della bella fanciulla. Una burla riuscita. In “Narratori dell’Ottocento! Vol. IV aMilano-Napoli aR. Ricciardi c1966 c22 cm aLa letteratura italiana . - Storia e testi v645